=LDR 00000nam 2200000 4500 =001 NUTBA000000000004869 =005 20200921084626 =035 ##$$a 0010-101400000000099 =008 200921################g##########0#ind## =020 ##$$a 978-979-15988-9-7 =082 ##$$a 305.4 =100 1#$$a Darmanto, Wulan =245 1#$$a Siapa bilang jadi ibu rumah tangga itu kuper, minder, bodoh, miskin dan menyedihkan /$c Wulan Darmanto =260 ##$$a Tangerang Selatan :$b Kinimedia,$c 2009 =084 ##$$a 305.4 DAR s =250 ##$$a cet. 1 =300 ##$$a 157 hlm, ; $c 11 x 19 cm =650 #4$$a Ibu rumah tangga =990 ##$$a 21001778 =990 ##$$a 21001777 =990 ##$$a 21001780 =990 ##$$a 21001779